Thinking ahead for business
Сохранить в:
| Формат: | |
|---|---|
| Язык: | Undetermined |
| Опубликовано: |
Cambridge
Harvard University Press
1952
|
| Предметы: | |
| Метки: |
Добавить метку
Нет меток, Требуется 1-ая метка записи!
|
| Thư viện lưu trữ: | Trung tâm Học liệu Trường Đại học Cần Thơ |
|---|
| LEADER | 00516nam a2200181Ia 4500 | ||
|---|---|---|---|
| 001 | CTU_99052 | ||
| 008 | 210402s9999 xx 000 0 und d | ||
| 082 | |a 338.973 | ||
| 082 | |b T443 | ||
| 245 | 0 | |a Thinking ahead for business | |
| 260 | |a Cambridge | ||
| 260 | |b Harvard University Press | ||
| 260 | |c 1952 | ||
| 650 | |a Economic history,World politics,United states | ||
| 650 | |x Economic policy | ||
| 650 | |y 1945- 1971,1945- 1955 | ||
| 904 | |i M.Loan | ||
| 980 | |a Trung tâm Học liệu Trường Đại học Cần Thơ | ||